000
00318nam a2200121Ia 4500
008
241028s9999 xx 000 0 und d
041
_a
eng
082
_a
658.4038 PEA
100
_a
Pearlson
245
_a
Strategic Management Of Information Systems
260
_b
Wiley India
_a
New Delhi
_c
2016
300
_a
401;. P. 23 cm
999
_c
43066
_d
43066